KOHA-Header-6

Using Information Technology (Record no. 7787)

000 -LEADER
fixed length control field 00267nam a2200109Ia 4500
100 ## - MAIN ENTRY--AUTHOR NAME
Personal name Sawyer, Hutchinson
245 #0 - TITLE STATEMENT
Title Using Information Technology
260 ## - PUBLICATION, DISTRIBUTION, ETC. (IMPRINT)
Place of publication USA
Name of publisher McGraw-Hill
Year of publication 2001
300 ## - PHYSICAL DESCRIPTION
Number of Pages 610
942 ## - ADDED ENTRY ELEMENTS (KOHA)
Koha item type Books
Holdings
Withdrawn status Lost status Collection code Permanent Location Current Location Shelving location Date acquired Full call number Accession Number Koha item type
    Computer Science MAJU MAJU   2019-09-12 005.2 1919 Computer Science

Powered by Koha